Normal view
MARC view
Entry Uniform Title
001 - CONTROL NUMBER
- control field: 15039
003 - CONTROL NUMBER IDENTIFIER
- control field: ARRUPE
005 - DATE AND TIME OF LATEST TRANSACTION
- control field: 20150210150409.0
008 - FIXED-LENGTH DATA ELEMENTS
- fixed length control field: 150210|| aca||aabn | a|a d
040 ## - CATALOGING SOURCE
- Original cataloging agency: ARRUPE
- Transcribing agency: ARRUPE
130 ## - HEADING--UNIFORM TITLE
- Uniform title: Bible.
- Name of part/section of a work: Job, XXI-XXXVII
- Form subdivision: Commentaries.
670 ## - SOURCE DATA FOUND
- Source citation: Work cat.: (ARRUPE)0: Clines, David J. A. 15037, Job 21-37 /, c2006.